Southville International School and Colleges
Your cart is empty.
  • Cart
  • Lists
    Public lists Eva Luna New books Lux_list list_1
    Your lists Log in to create your own lists
  • Log in to your account
  • Your cookies
  • Search history
Southville International School and Colleges
  • Advanced search
  • Recent comments
  • Most popular
  • Libraries

Log in to your account

Log in with GOOGLE


If you do not have an external account, but do have a local account, you can still log in:

  1. Home
  2. MARC view: What's so great about fourth grade? /
Normal view MARC view ISBD view

What's so great about fourth grade? / (Record no. 110955)

[ view plain ]
MARC details
000 -LEADER
fixed length control field 00604nam a2200181 a 4500
001 - CONTROL NUMBER
control field 1139
005 - DATE AND TIME OF LATEST TRANSACTION
control field 20140414131906.0
008 - FIXED-LENGTH DATA ELEMENTS--GENERAL INFORMATION
fixed length control field 041021s19uu xx 00 eng d
020 ## - INTERNATIONAL STANDARD BOOK NUMBER
International Standard Book Number 0-8167-1703-6
050 ## - LIBRARY OF CONGRESS CALL NUMBER
Classification number FIC
Item number K12 1990
100 ## - MAIN ENTRY--PERSONAL NAME
Personal name Kahaner, Ellen
245 ## - TITLE STATEMENT
Title What's so great about fourth grade? /
Statement of responsibility, etc Ellen Kahaner ; illustrated by Paul Henry.
260 ## - PUBLICATION, DISTRIBUTION, ETC. (IMPRINT)
Place of publication, distribution, etc New Jersey :
Name of publisher, distributor, etc Troll Associates,
Date of publication, distribution, etc 1990.
300 ## - PHYSICAL DESCRIPTION
Extent 90 p. : ill. ; cm.
520 ## - SUMMARY, ETC.
Summary, etc What are you supposed to do when your best friend in the whole world gets in BIG trouble and blames you?
650 ## - SUBJECT ADDED ENTRY--TOPICAL TERM
Topical term or geographic name as entry element Fiction.
Holdings
Withdrawn status Lost status Damaged status Use restrictions Home library Current library Shelving location Date acquired Source of acquisition Total Checkouts Full call number Barcode Date last seen Price effective from Koha item type
        Munich Library Munich Library Fiction Section 10/21/2004     FIC K12 1990 M1492 04/14/2014 04/14/2014 Books

What's so great about fourth grade? /

APA

Kahaner E., . (1990). What's so great about fourth grade?. New Jersey: Troll Associates.

Chicago

Kahaner Ellen, . 1990. What's so great about fourth grade?. New Jersey: Troll Associates.

Harvard

Kahaner E., . (1990). What's so great about fourth grade?. New Jersey: Troll Associates.

MLA

Kahaner Ellen, . What's so great about fourth grade?. New Jersey: Troll Associates. 1990.

  • Place hold
  • Print
  • Cite
  • Add to your cart (remove)
  • Save record
    BIBTEX Dublin Core MARCXML MARC (non-Unicode/MARC-8) MARC (Unicode/UTF-8) MARC (Unicode/UTF-8, Standard) MODS (XML) RIS
  • More searches
    Search for this title in:
    Other Libraries (WorldCat) Other Databases (Google Scholar) Online Stores (Bookfinder.com) Open Library (openlibrary.org)

Exporting to Dublin Core...

SOUTHVILLE LIBRARY

Southville International School and Colleges Library

1281 Tropical Ave. Cor. Luxembourg St., BF Homes International, Las Pinas City

Tel. No. 8256374 / 252358 Loc. 117/146

Powered by Koha